O caso dos animais desaparecidos (Record no. 2045)

MARC details
000 -Etiqueta do registo
Valores 00771nam a2200265 4500
010 ## - Número ISBN
ISBN 9789720720863
021 ## - Número do Depósito Legal
Código do país Portugal
Número 546371/25
100 ## - Dados gerais de processamento
Dados gerais 20260210d2025 d|||y0pory50030103ba
101 ## - Língua de publicação
Língua Português
102 ## - País de publicação
País Portugal
200 ## - Titulo e menção de responsabilidade
Título próprio O caso dos animais desaparecidos
Primeira menção de responsabilidade Patricia García-Rojo
Outras menções de responsabilidade il. Damián Zain
-- adapt. Cristiana Neves
205 ## - Menção da edição
Edição 1ª edição
210 ## - Publicação
Local de publicação Porto
Nome do editor Porto Editora
Data de publicação 2025
215 ## - Descrição física 
Paginação / Volumes 127, [1] p.
Outras indicações físicas il.
Dimensões 20 cm
225 ## - Colecção 
Título próprio da colecção Os caça-mistérios
Indicação de volume 1
300 ## - Notas gerais 
Texto da nota BMB-Registado
606 ## - Nome comum usado como assunto
ID Autoridade 815
Palavra de ordem Literatura Juvenil
675 ## - CDU
Notação 087.5
Edição BMB
Língua por
700 ## - Autor principal (pessoa individual)
Apelido García-Rojo
Nome Patricia
Datas 1984-
ID Autoridade 2932
702 ## - Autor secundário (pessoa individual)
Apelido Zain
Nome Damián
Função Ilustrador
ID Autoridade 2933
702 ## - Autor secundário (pessoa individual)
Apelido Neves
Nome Cristiana
Função Adaptador
ID Autoridade 873
801 ## - Fonte de origem
País PT
Agência BMB
Regras de catalogação RPC
990 ## - Elementos KOHA
Tipo de documento Livro
Holdings
Situação do levantamento Estado Número Biblioteca de origem Código de barras Cota Permissão de empréstimo Tipo de documento Forma de aquisição
    1 Biblioteca Municipal de Borba 1995 087.5 GAR / CAS   Livro Compra
Biblioteca Municipal de Borba

Powered by Koha